ბათუმის შოთა რუსთაველის სახელმწიფო უნივერსიტეტის ბიბლიოთეკა

წელი ერთი და ათასი (ბიბ.ჩანაწერი № 51040)

000 -LEADER
fixed length control field 00849nam a2200241Ia 4500
001 - CONTROL NUMBER
control field 17997
003 - CONTROL NUMBER IDENTIFIER
control field GE_BSU
008 - FIXED-LENGTH DATA ELEMENTS--GENERAL INFORMATION
fixed length control field 181216s||||||||xx |||||||||||||| ||und||
040 ## - CATALOGING SOURCE
Transcribing agency GE_BSU
080 ## - UNIVERSAL DECIMAL CLASSIFICATION NUMBER
Universal Decimal Classification number 821.353.1-4 + 94(479.22)
100 ## - MAIN ENTRY--PERSONAL NAME
Personal name ნატროშვილი, თ. (თამაზ)
245 ## - TITLE STATEMENT
Title წელი ერთი და ათასი
245 ## - TITLE STATEMENT
Statement of responsibility, etc. რედ. ლ.არაბიძე. მხატვ. ნ. ნარიმანიძე
260 ## - PUBLICATION, DISTRIBUTION, ETC.
Place of publication, distribution, etc. თბილისი
260 ## - PUBLICATION, DISTRIBUTION, ETC.
Name of publisher, distributor, etc. მერანი
260 ## - PUBLICATION, DISTRIBUTION, ETC.
Date of publication, distribution, etc. 1988
300 ## - PHYSICAL DESCRIPTION
Extent 319 გვ. ; 20 სმ.
653 ## - INDEX TERM--UNCONTROLLED
Uncontrolled term მხატვრ.-ისტ. ნარკვევები
653 ## - INDEX TERM--UNCONTROLLED
Uncontrolled term საქართველოს ისტორია
653 ## - INDEX TERM--UNCONTROLLED
Uncontrolled term წელი ერთი და ათასი
942 ## - ADDED ENTRY ELEMENTS (KOHA)
Koha item type წიგნი
ეგზემპლარები
Withdrawn status Lost status Damaged status Not for loan Date acquired Barcode Date last seen Price effective from Koha item type
        2018-12-17 41534 2018-12-17 2018-12-17 წიგნი